Inviscid analysis of aerodynamic characteristics of high performance fighter aircraft (Record no. 290103)

000 -LEADER
fixed length control field 00397 a2200121 4500
001 - CONTROL NUMBER
control field 55030
082 ## - DEWEY DECIMAL CLASSIFICATION NUMBER
Classification number 629.13452 ABI / PR-1247
090 ## - LOCALLY ASSIGNED LC-TYPE CALL NUMBER (OCLC); LOCAL CALL NUMBER (RLIN)
-- 34132
-- 34132
100 ## - MAIN ENTRY--PERSONAL NAME
Personal name Abid Mehdi Jaffri
245 ## - TITLE STATEMENT
Title Inviscid analysis of aerodynamic characteristics of high performance fighter aircraft
260 ## - PUBLICATION, DISTRIBUTION, ETC.
Place of publication, distribution, etc. Risalpur
Name of publisher, distributor, etc. Aerospace Engg Dept, NUST CAE, Risalpur
Date of publication, distribution, etc. 2005
500 ## - GENERAL NOTE
General note MS thesis
942 ## - ADDED ENTRY ELEMENTS (KOHA)
Institution code [OBSOLETE] NUST-CAE
Call number prefix 629.13452 ABI / PR-1247
Holdings
Withdrawn status Lost status Damaged status Not for loan Collection code Permanent Location Current Location Date acquired Total Checkouts Full call number Barcode Date last seen Price effective from Koha item type
          College of Aeronautical Engineering (CAE) College of Aeronautical Engineering (CAE) 04/03/2017   629.13452 ABI / PR-1247 CAEG-5704 04/05/2017 04/05/2017 Book
          College of Aeronautical Engineering (CAE) College of Aeronautical Engineering (CAE) 04/03/2017   629.13452 ABI / PR-1247 CAEPR-1427 04/05/2017 04/05/2017 Book
© 2023 Central Library, National University of Sciences and Technology. All Rights Reserved.